000 00986nas a2200277 4500
001 BR8401326
003 BR-BrBNA
005 20231205085830.0
007 ta
008 230509b bl.|||p| |||| 00| 00por d
040 _aBR-BrBNA
_bpor
_cBiblioteca Nacional de Agricultura
041 _a(Pt)
072 _aL74
100 1 _aSilva, J.C.P. da
100 1 _aChquiloff, M.A. de G.
100 1 _aVieira, R.J.
100 1 _aCastillo, L.A.C.
245 1 _aDefeitos congenitos nos animais domesticos, 2: utero unicorno e duplicacao parcial de corno uterino em porcas
246 1 _aCongenital deffects in domestic animals, 2: unicornous uterus and partial doubling of the uterine horn in the sow
650 _aSUÍNO
650 _aDISTURBIO GENETICO
650 _aUTERO
773 0 _tArquivo Brasileiro de Medicina Veterinaria e Zootecnia (Brazil)
_xISSN 0365-8384
_g(Aug 1983), v. 35(4) p. 497-503
_wBR8401326
909 _a202311
_bLúcia
_c55
_dLúcia Elande
942 _2AGRIS
_n0
_cANA
999 _c114135
_d114135